Gaming Quiz

Random Gaming Quiz

Maplestory Skills Part I Quiz Stats

 Plays Quiz not verified by Sporcle

Score 0/189 Timer 10:00
0 Plays Today
Job Skill % Correct
ArcherDouble shot
67.8%
PirateDouble shot
67.8%
ClericHeal
67.1%
RogueLucky Seven
60.5%
BeginnerThree Snails
59.2%
BishopGenesis
57.9%
ClericBless
57.2%
BeginnerNimble Feet
52.6%
Assassin and BanditHaste
52.6%
Ice/Lightning Arch MageChain Lightning
50.7%
Night LordTriple Throw
50.7%
BeginnerRecovery
49.3%
MagicianMagic Claw
48.7%
BowmasterHurricane
47.4%
PriestHoly Symbol
46.1%
Fire/Poison WizardFire Arrow
46.1%
ClericHoly Arrow
43.4%
SniperBlizzard
42.8%
Ice/Lightning Arch MageBlizzard
42.8%
All 4th JobsMaple Warrior
41.4%
HunterArrow Bomb
41.4%
RogueDark Sight
40.8%
RogueDouble Stab
40.1%
All 2nd Job WizardsTeleport
38.8%
MagicianMagic Guard
38.2%
MarksmanSnipe
36.8%
HermitShadow Partner
36.8%
BanditSavage Blow
35.5%
HunterBow mastery
34.2%
ClericInvincible
32.2%
HermitFlash Jump
31.6%
Marksman and BowmasterSharp Eyes
30.3%
Fire/Poison MagePoison Mist
29.6%
Sniper and RangerStrafe
28.9%
ArcherArrow blow
28.3%
MagicianEnergy Bolt
28.3%
HunterBow Booster
27%
CrossbowmanCrossbow Mastery
27%
RogueNimble Body
27%
Chief BanditMeso Explosion
27%
BeginnerBlessing of Fairy
26.3%
Fire/Poison MageExplosion
26.3%
CorsairBattleship
26.3%
AssassinClaw Mastery
26.3%
AssassinClaw Booster
26.3%
All 4th JobsHero's Will
25.7%
RangerArrow rain
25%
AssassinDrain
25%
All 2nd Job WizardsMP Eater
24.3%
HermitAvenger
24.3%
BowmasterPhoenix
23.7%
CrossbowmanIron Arrow
23%
Ice/Lightning MageIce Strike
23%
ArcherCritical Shot
22.4%
RangerPuppet
22.4%
Sniper and RangerPuppet
22.4%
MagicianMagic Armor
22.4%
BishopBahamut
22.4%
Fire/Poison Arch MageIfrit
22.4%
Fire/Poison and Ice/Lightning WizardsMeditation
22.4%
All 4th Job MagiciansBig Bang
21.7%
ArcherFocus
21.1%
PriestShining Ray
21.1%
Job Skill % Correct
Ice/Lightning WizardCold beam
21.1%
Ice/Lightning MageThunder Spear
21.1%
Fire/Poison Arch MageMeteor Shower
21.1%
ArcherThe Eye of Amazon
20.4%
CrossbowmanCrossbow Booster
20.4%
PriestDoom
20.4%
All 4th Job MagiciansInfinity
19.7%
RogueDisorder
19.7%
BanditDagger Mastery
19.7%
BeginnerMaker
19.1%
BanditDagger Booster
19.1%
Crossbowman and HunterPower Knock-back
18.4%
ShadowerAssassinate
18.4%
Ice/Lightning WizardThunder Bolt
17.1%
GunslingerGun Mastery
17.1%
CorsairRapid Fire
17.1%
ShadowerBoomerang Step
17.1%
Ice/Lightning Arch MageElquines
16.4%
MarauderTransformation
15.8%
BeginnerMonster Rider
15.1%
PriestDispel
15.1%
GunslingerGun Booster
15.1%
AssassinCritical Throw
15.1%
Chief BanditBand of Thieves
15.1%
RangerInferno
15.1%
BrawlerCorkscrew Blow
14.5%
GunslingerRecoil Shot
14.5%
CorsairBattleship Torpedo
14.5%
RogueKeen Eyes
14.5%
RangerSilver Hawk
13.8%
SniperArrow Eruption
13.8%
PriestSummon Dragon
13.8%
PirateDash
13.8%
Chief BanditAssaulter
13.8%
BeginnerPig's Weakness
13.2%
BeginnerStump's Weakness
13.2%
BeginnerSlime's Weakness
13.2%
Fire/Poison and Ice/Lightning WizardsSlow
13.2%
PirateSommersault kick
13.2%
GunslingerWings
13.2%
HermitMeso up
13.2%
Chief BanditMeso Guard
13.2%
Marksman and BowmasterDragon's Breath
12.5%
CorsairBattleship Cannon
12.5%
BanditSteal
12.5%
Sniper and RangerThrust
11.8%
Sniper and RangerMortal Blow
11.8%
Fire/Poison Arch MageParalyze
11.8%
BrawlerMP Recovery
11.8%
BuccaneerDragon Strike
11.8%
GunslingerInvisible Shot
11.8%
OutlawFlamethrower
11.8%
HunterFinal Attack: Bow
11.2%
OutlawOctopus
11.2%
HermitShadow Web
11.2%
PirateBullet Time
10.5%
BuccaneerSuper Transformation
10.5%
BuccaneerBarrage
10.5%
Chief BanditPickpocket
10.5%
HermitAlchemist
10.5%
BeginnerLegendary Spirit
9.9%
BowmasterConcentrate
9.9%
BishopHoly Shield
9.9%
Job Skill % Correct
BishopResurrection
9.9%
BuccaneerSpeed Infusion
9.9%
BuccaneerSpeed Infusion
9.9%
Chief BanditChakra
9.9%
CrossbowmanFinal Attack: Crossbow
9.2%
SniperGolden Eagle
9.2%
MarksmanPiercing Arrow
9.2%
PriestElemental Resistance
9.2%
Fire/Poison and Ice/Lightning MagesSpell Booster
9.2%
PirateFlash Fist
9.2%
BrawlerBackspin Blow
9.2%
HunterSoul Arrow: Bow
8.6%
MarksmanFrostprey
8.6%
MarksmanBlind
8.6%
Fire/Poison and Ice/Lightning MagesSeal
8.6%
CorsairAirstrike
8.6%
BowmasterBow Expert
7.9%
CrossbowmanSoul Arrow: Crossbow
7.9%
Fire/Poison WizardPoison Breath
7.9%
All 4th Job MagiciansMana Reflection
7.9%
BrawlerDouble Uppercut
7.9%
OutlawGaviota
7.9%
BowmasterHamstring
7.2%
MagicianMP Boost
7.2%
PriestHoly Door
7.2%
GunslingerGrenade
7.2%
CorsairWrath of the Octopi
7.2%
Ice/Lightning Arch MageIce Demon
6.6%
Fire/Poison Arch MageFire Demon
6.6%
GunslingerBlank Shot
6.6%
OutlawBurst Fire
6.6%
HermitShadow Meso
6.6%
Night LordShadow Stars
6.6%
BuccaneerDemolition
5.9%
OutlawIce Splitter
5.9%
Night Lord and ShadowerTaunt
5.9%
Chief BanditShield Mastery
5.3%
Night Lord and ShadowerShadow Shifter
5.3%
BishopHoly Ray
4.6%
Fire/Poison and Ice/Lightning MagesPartial Resistance
4.6%
MarauderEnergy Blast
4.6%
CorsairHypnotize
4.6%
MarksmanMarksman boost
3.9%
BrawlerOak Barrel
3.9%
MarauderEnergy Charge
3.9%
MarauderShockwave
3.9%
BuccaneerTime Leap
3.9%
OutlawHoming Beacon
3.9%
CorsairBullseye
3.9%
Night LordVenomous Star
3.9%
ShadowerSmokescreen
3.9%
Fire/Poison and Ice/Lightning MagesElement Composition
3.3%
BuccaneerSnatch
3.3%
BrawlerKnuckler Booster
2.6%
MarauderEnergy Drain
2.6%
ShadowerVenomous Stab
2.6%
Fire/Poison and Ice/Lightning MagesElement Amplification
2%
BrawlerKnuckler Mastery
2%
MarauderStun Mastery
2%
BuccaneerEnergy Orb
2%
CorsairElemental Boost
2%
Night LordNinja Storm
2%
Night Lord and ShadowerNinja Ambush
0.7%

You're not logged in!

Compare scores with friends on all Sporcle quizzes.
OR
Log In

Show Comments

Extras

Created Nov 27, 2010ReportNominate
Tags:maplestory, skill, skillset

Top Quizzes Today


Score Distribution

Your Account Isn't Verified!

In order to create a playlist on Sporcle, you need to verify the email address you used during registration. Go to your Sporcle Settings to finish the process.

Report this User

Report this user for behavior that violates our Community Guidelines.

Details: